[Event "4NCL/Div4/CAMB2 vs. CELT"]
[Site "Birmingham ENG"]
[Date "2006.09.24"]
[Round "2.4"]
[White "Kitchen, Peter J"]
[Black "Gibbs, Dominic"]
[Result "0-1"]
[WhiteElo "1860"]
[BlackElo "1964"]
[PlyCount "74"]
[EventDate "2006.09.24"]
[EventType "team"]
[EventRounds "11"]
[EventCountry "ENG"]
[WhiteTeam "Celtic Tigers"]
[BlackTeam "Cambridge Uni 2 "]

1. e4 c5 2. Nf3 d6 3. d4 cxd4 4. Nxd4 Nf6 5. Nc3 a6 6. Be3 e5 7. Nf3 Be7 8. Bc4
Qc7 9. Bb3 Nbd7 10. O-O Nc5 11. Nd5 Nxd5 12. Bxd5 Nd7 13. Ng5 O-O 14. Nxf7 Rxf7
15. Qh5 g6 16. Bxf7+ Kxf7 17. Qxh7+ Ke8 18. Qxg6+ Kd8 19. Qg8+ Nf8 20. Bh6 Be6
21. Qg3 Kd7 22. f4 exf4 23. Bxf4 Rd8 24. Rf3 Qb6+ 25. Qf2 Qxb2 26. Rd1 Rc8 27.
Bxd6 Bxd6 28. Rxf8 Rxc2 29. Qg3 Rd2 30. Rxd2 Qxd2 31. Qg7+ Kc6 32. Rf1 Bc4 33.
Rb1 b5 34. Qb2 Qf4 35. g3 Bc5+ 36. Kh1 Qxe4+ 37. Qg2 Bd5 0-1

[Event "4NCL/Div4/CAMB2 vs. CELT"]
[Site "Birmingham ENG"]
[Date "2006.09.24"]
[Round "2.5"]
[White "Gallagher, Ian G"]
[Black "Larter, Nick"]
[Result "1/2-1/2"]
[WhiteElo "2005"]
[BlackElo "1706"]
[PlyCount "53"]
[EventDate "2006.09.24"]
[EventType "team"]
[EventRounds "11"]
[EventCountry "ENG"]
[WhiteTeam "Cambridge Uni 2 "]
[BlackTeam "Celtic Tigers"]

1. d4 e6 2. e4 d5 3. Nc3 Nf6 4. Bg5 Bb4 5. e5 h6 6. Bd2 Bxc3 7. bxc3 Ne4 8. Qg4
g6 9. Bd3 Nxd2 10. Kxd2 c5 11. h4 Nc6 12. Rh3 cxd4 13. cxd4 Qb6 14. Nf3 Bd7 15.
Rhh1 Rc8 16. Qf4 Nb4 17. Qf6 Rg8 18. a3 Nxd3 19. cxd3 Ba4 20. Rab1 Qa6 21. Rhc1
Rxc1 22. Rxc1 Bc6 23. h5 Qa5+ 24. Ke3 Qd8 25. Qxd8+ Kxd8 26. hxg6 fxg6 27. Rh1
1/2-1/2

[Event "4NCL/Div4/CAMB2 vs. CELT"]
[Site "Birmingham ENG"]
[Date "2006.09.24"]
[Round "2.6"]
[White "Kitchen, Michael J"]
[Black "Kreuzer, Christopher"]
[Result "0-1"]
[WhiteElo "1745"]
[BlackElo "1990"]
[PlyCount "94"]
[EventDate "2006.09.24"]
[EventType "team"]
[EventRounds "11"]
[EventCountry "ENG"]
[WhiteTeam "Celtic Tigers"]
[BlackTeam "Cambridge Uni 2 "]

1. d4 Nf6 2. Nf3 b6 3. c4 e6 4. a3 a5 5. Nc3 Bb7 6. e3 Ne4 7. Nxe4 Bxe4 8. Bd3
Bxd3 9. Qxd3 Be7 10. Bd2 O-O 11. O-O a4 12. Bc3 f5 13. d5 Bf6 14. e4 Bxc3 15.
bxc3 Na6 16. Rad1 Nc5 17. Qc2 fxe4 18. Ne5 Qg5 19. Nxd7 Nxd7 20. Qxe4 Nc5 21.
Qe2 e5 22. d6 cxd6 23. Rxd6 Rf6 24. Rd5 Re8 25. Re1 Rg6 26. f3 Rge6 27. Qd1 h5
28. Rd6 Rxd6 29. Qxd6 Rd8 30. Qxe5 Qxe5 31. Rxe5 Rd3 32. Re8+ Kf7 33. Rb8 Rxc3
34. Rxb6 Rxa3 35. Rb5 Nd3 36. h4 Rb3 37. Rxh5 Rb1+ 38. Kh2 Rc1 39. Rd5 a3 40.
Rxd3 a2 41. Rd7+ Kf8 42. Ra7 a1=Q 43. Rxa1 Rxa1 44. Kg3 Rc1 45. f4 g6 46. Kg4
Rc3 47. h5 gxh5+ 0-1

[Event "4NCL/Div4/BCA vs. HC"]
[Site "Birmingham ENG"]
[Date "2006.09.24"]
[Round "2.1"]
[White "Mordue, A Tyson"]
[Black "Tavoularis, Nicholas"]
[Result "1/2-1/2"]
[WhiteElo "2290"]
[BlackElo "2230"]
[PlyCount "116"]
[EventDate "2006.09.24"]
[EventType "team"]
[EventRounds "11"]
[EventCountry "ENG"]
[WhiteTeam "Braille C A"]
[BlackTeam "H Coventry"]

1. e4 c5 2. Nf3 d6 3. d4 cxd4 4. Nxd4 Nf6 5. Nc3 g6 6. Be3 Bg7 7. f3 O-O 8. Qd2
Nc6 9. Bc4 Bd7 10. O-O a6 11. Bb3 Rc8 12. Nd5 Ne5 13. Rad1 Nc4 14. Bxc4 Rxc4
15. b3 Rc8 16. c4 Bc6 17. Bg5 Bxd5 18. exd5 Re8 19. Rfe1 Kf8 20. Be3 Ng8 21. a4
Qd7 22. Bf2 h5 23. Re2 Nh6 24. Rde1 Nf5 25. Ne6+ fxe6 26. dxe6 Qc6 27. Qg5 Kg8
28. Qxg6 Rf8 29. Qxh5 Rf6 30. Re4 Qe8 31. Qxe8+ Rxe8 32. g4 Nh6 33. Kg2 Ref8
34. R1e3 Rg6 35. Bg3 Kh7 36. h4 Bf6 37. Kh3 Rfg8 38. Bf4 Nxg4 39. fxg4 Rxg4 40.
Bg3 R4g6 41. Rf3 Kh6 42. Bf4+ Kg7 43. Rg3 Rh8 44. Be3 Rxg3+ 45. Kxg3 Be5+ 46.
Kg4 Kf6 47. Bg5+ Kxe6 48. h5 Kf7 49. c5 Bf6 50. Bxf6 Kxf6 51. cxd6 exd6 52. Rb4
Rh7 53. Rb6 Rd7 54. Kf4 Ke6 55. Ke3 Rh7 56. Kd4 Rxh5 57. Rxb7 Rd5+ 58. Kc4 Rc5+
1/2-1/2

[Event "4NCL/Div4/BCA vs. HC"]
[Site "Birmingham ENG"]
[Date "2006.09.24"]
[Round "2.2"]
[White "Forman, Karl L"]
[Black "Armstrong, William G"]
[Result "1-0"]
[WhiteElo "2029"]
[BlackElo "1955"]
[PlyCount "87"]
[EventDate "2006.09.24"]
[EventType "team"]
[EventRounds "11"]
[EventCountry "ENG"]
[WhiteTeam "H Coventry"]
[BlackTeam "Braille C A"]

1. e4 c5 2. d4 cxd4 3. c3 dxc3 4. Nxc3 d6 5. Nf3 Nc6 6. Bc4 e6 7. O-O Be7 8.
Qe2 a6 9. Rd1 Qc7 10. Be3 b5 11. Bb3 Na5 12. Rac1 Qb8 13. h3 Nxb3 14. axb3 Nf6
15. Bg5 Bb7 16. e5 Bxf3 17. Qxf3 dxe5 18. Qc6+ Kf8 19. Ne4 h6 20. Bh4 g5 21.
Bg3 Nxe4 22. Qxe4 Bf6 23. Rd7 Ra7 24. Rxa7 Qxa7 25. Bxe5 Qe7 26. Rc6 Kg7 27.
Rxa6 Rd8 28. Ra1 Rd5 29. Bc3 Rf5 30. b4 Qc7 31. Rc1 Qa7 32. Bxf6+ Kxf6 33. Rc5
Rxc5 34. Qd4+ e5 35. Qd6+ Kf5 36. bxc5 Qa1+ 37. Kh2 Qxb2 38. Qd7+ Ke4 39. f3+
Ke3 40. c6 e4 41. Qf5 Qc1 42. Qxe4+ Kf2 43. Qd4+ Ke1 44. Qg1+ 1-0

[Event "4NCL/Div4/BCA vs. HC"]
[Site "Birmingham ENG"]
[Date "2006.09.24"]
[Round "2.3"]
[White "Burnell, Steve"]
[Black "Pedder, Stephane"]
[Result "0-1"]
[WhiteElo "1950"]
[BlackElo "1925"]
[PlyCount "88"]
[EventDate "2006.09.24"]
[EventType "team"]
[EventRounds "11"]
[EventCountry "ENG"]
[WhiteTeam "Braille C A"]
[BlackTeam "H Coventry"]

1. d4 Nf6 2. c4 b6 3. Nf3 Bb7 4. g3 e6 5. Bg2 d6 6. O-O Nbd7 7. Nc3 a6 8. Qc2
c5 9. d5 e5 10. Bg5 Be7 11. Bxf6 Nxf6 12. Qa4+ Nd7 13. Bh3 Bc8 14. e4 O-O 15.
Qb3 Rb8 16. a4 a5 17. Nb5 Rb7 18. Qc2 Nf6 19. Bxc8 Qxc8 20. Kg2 Qg4 21. Rae1
Nh5 22. Ng1 f5 23. exf5 Rxf5 24. Kh1 Rg5 25. Qe4 Qd7 26. Qd3 Nf6 27. Nc3 Rh5
28. Kg2 Rh6 29. b3 Rb8 30. f4 exf4 31. Rxf4 Nh5 32. Rf3 Bf6 33. Nce2 Be5 34.
Qf5 Qd8 35. Ref1 Qf6 36. Qd7 Qg6 37. Qf7+ Qxf7 38. Rxf7 Nf6 39. Rc7 Ng4 40.
Rff7 Rxh2+ 41. Kf3 Rf2+ 42. Kxg4 Rxf7 43. Rc6 g6 44. Nf3 h5+ 0-1

[Event "4NCL/Div4/BCA vs. HC"]
[Site "Birmingham ENG"]
[Date "2006.09.24"]
[Round "2.4"]
[White "Alcock, Graham P"]
[Black "Murphy, Richard L"]
[Result "1/2-1/2"]
[WhiteElo "1935"]
[BlackElo "1745"]
[PlyCount "53"]
[EventDate "2006.09.24"]
[EventType "team"]
[EventRounds "11"]
[EventCountry "ENG"]
[WhiteTeam "H Coventry"]
[BlackTeam "Braille C A"]

1. e4 e6 2. d4 d5 3. exd5 exd5 4. Bd3 Bd6 5. Ne2 Nf6 6. h3 Nc6 7. c3 Bd7 8. O-O
Qc8 9. Nf4 O-O 10. Qf3 Ne7 11. a4 c6 12. Be3 Bf5 13. Nd2 Bxd3 14. Nxd3 Qf5 15.
Qxf5 Nxf5 16. Rae1 Nxe3 17. Rxe3 Rfe8 18. Ne5 c5 19. Rfe1 Kf8 20. Ndf3 cxd4 21.
Nxd4 a6 22. Kf1 Bc5 23. Rd3 Rad8 24. Nb3 Bb6 25. Nd4 Bc5 26. Nb3 Bb6 27. Nd4
1/2-1/2

[Event "4NCL/Div4/BCA vs. HC"]
[Site "Birmingham ENG"]
[Date "2006.09.24"]
[Round "2.5"]
[White "Irving, Alastair"]
[Black "Shepherd, David"]
[Result "0-1"]
[WhiteElo "1590"]
[BlackElo "1920"]
[PlyCount "68"]
[EventDate "2006.09.24"]
[EventType "team"]
[EventRounds "11"]
[EventCountry "ENG"]
[WhiteTeam "Braille C A"]
[BlackTeam "H Coventry"]

1. e4 e6 2. d4 d5 3. Nd2 c5 4. exd5 exd5 5. Ngf3 Nf6 6. Bd3 Nc6 7. c3 cxd4 8.
cxd4 Bd6 9. O-O O-O 10. Qc2 Nb4 11. Qb3 Nxd3 12. Qxd3 Re8 13. Nb3 Ne4 14. Qb5
a6 15. Qd3 Bd7 16. Re1 Bb5 17. Qd1 Bb4 18. Bd2 Nxd2 19. Rxe8+ Qxe8 20. Nbxd2
Qe7 21. a3 Bd6 22. Qb3 Qd7 23. Re1 Rc8 24. g3 Bc4 25. Nxc4 dxc4 26. Qc3 b5 27.
Ne5 Bxe5 28. dxe5 Qe6 29. Rc1 h6 30. f4 Qb6+ 31. Kg2 Rd8 32. b3 Rd3 33. Qc2 Qe3
34. bxc4 Rd2+ 0-1

[Event "4NCL/Div4/BCA vs. HC"]
[Site "Birmingham ENG"]
[Date "2006.09.24"]
[Round "2.6"]
[White "Shepherd, Katherine"]
[Black "Whitehouse, Guy"]
[Result "0-1"]
[WhiteElo "1470"]
[BlackElo "1655"]
[PlyCount "106"]
[EventDate "2006.09.24"]
[EventType "team"]
[EventRounds "11"]
[EventCountry "ENG"]
[WhiteTeam "H Coventry"]
[BlackTeam "Braille C A"]

1. d4 Nf6 2. Nf3 e6 3. Bf4 d5 4. e3 Be7 5. Bd3 O-O 6. O-O c5 7. b3 Nc6 8. c4
cxd4 9. exd4 dxc4 10. Bxc4 Bd6 11. Bg5 h6 12. Bh4 Be7 13. Qd3 Nb4 14. Qc3 Nbd5
15. Bxd5 Nxd5 16. Bxe7 Nxc3 17. Bxd8 Ne2+ 18. Kh1 Rxd8 19. Re1 Nf4 20. Re4 Nd5
21. h3 Bd7 22. Ne5 Rac8 23. Nc4 Bb5 24. Nbd2 Bxc4 25. bxc4 Nf6 26. Re5 Rxd4 27.
Re2 Rcd8 28. Rd1 Ne4 29. Rxe4 Rxe4 30. Nxe4 Rxd1+ 31. Kh2 Rd4 32. Nc5 b6 33.
Nb3 Rxc4 34. f3 a5 35. Kg3 a4 36. Nd2 Rc2 37. Ne4 Rxa2 38. Nc3 Ra3 39. Nb1 Rd3
40. Kf2 a3 41. Ke2 a2 42. Kxd3 axb1=Q+ 43. Kd2 b5 44. Kc3 b4+ 45. Kd2 b3 46. g4
b2 47. Kc3 Qc1+ 48. Kd3 b1=Q+ 49. Kd4 Qg1+ 50. Kc3 Qc5+ 51. Kd2 Qb3 52. Ke2
Qcc2+ 53. Ke1 Qbb1# 0-1

[Event "4NCL/Div4/WEA2 vs. SUTC"]
[Site "Birmingham ENG"]
[Date "2006.09.24"]
[Round "2.1"]
[White "Jones, Laurence"]
[Black "Ortega, Irvin"]
[Result "0-1"]
[WhiteElo "1810"]
[BlackElo "2180"]
[PlyCount "72"]
[EventDate "2006.09.24"]
[EventType "team"]
[EventRounds "11"]
[EventCountry "ENG"]
[WhiteTeam "W Collective 2"]
[BlackTeam "Sutton Coldfield"]

1. e4 d6 2. d4 Nf6 3. Nc3 g6 4. Be2 Bg7 5. Be3 Nc6 6. g4 h5 7. gxh5 Nxh5 8. Qd2
e5 9. d5 Ne7 10. Bg5 Bd7 11. O-O-O f6 12. Be3 Nf4 13. Bxf4 exf4 14. Nf3 g5 15.
Kb1 Ng6 16. Nd4 a6 17. a4 Qe7 18. Bc4 Ne5 19. Bb3 Kf7 20. f3 Rh3 21. Qg2 Rah8
22. Nce2 Qe8 23. Rdg1 R8h4 24. c4 Bh6 25. Rf1 Bxa4 26. Bxa4 Qxa4 27. b3 Qb4 28.
Kc2 g4 29. Ng1 gxf3 30. Ndxf3 Ng4 31. Kb2 Ne3 32. Qe2 Rg3 33. Nxh4 f5 34. hxg3
Bg7+ 35. Kb1 Qxb3+ 36. Kc1 Qc3+ 0-1

[Event "4NCL/Div4/WEA2 vs. SUTC"]
[Site "Birmingham ENG"]
[Date "2006.09.24"]
[Round "2.2"]
[White "Addis, Mark"]
[Black "Maguire, Robert"]
[Result "1-0"]
[WhiteElo "2060"]
[BlackElo "1795"]
[PlyCount "69"]
[EventDate "2006.09.24"]
[EventType "team"]
[EventRounds "11"]
[EventCountry "ENG"]
[WhiteTeam "Sutton Coldfield"]
[BlackTeam "W Collective 2"]

1. d4 Nf6 2. c4 g6 3. Nc3 Bg7 4. e4 d6 5. f3 Nbd7 6. Be3 e5 7. d5 Nh5 8. Qd2
Qh4+ 9. g3 Qd8 10. Nge2 Nb6 11. Nc1 Qf6 12. Be2 h6 13. Nb5 Qe7 14. Bd3 a6 15.
Nc3 Qf6 16. Rf1 Bh3 17. Rf2 g5 18. N1e2 Qg6 19. O-O-O Nf6 20. g4 h5 21. Bxg5
hxg4 22. Be3 Bh6 23. f4 Nh5 24. fxe5 Bxe3 25. Qxe3 dxe5 26. c5 Nd7 27. Kb1 g3
28. hxg3 Bg4 29. c6 bxc6 30. dxc6 Ndf6 31. Qc5 Bxe2 32. Qxe5+ Kf8 33. Bxe2 Nxg3
34. Rxf6 Qg7 35. Bc4 1-0

[Event "4NCL/Div4/WEA2 vs. SUTC"]
[Site "Birmingham ENG"]
[Date "2006.09.24"]
[Round "2.3"]
[White "Bayliss, Peter"]
[Black "Escott, Keith"]
[Result "0-1"]
[WhiteElo "1700"]
[BlackElo "2065"]
[PlyCount "58"]
[EventDate "2006.09.24"]
[EventType "team"]
[EventRounds "11"]
[EventCountry "ENG"]
[WhiteTeam "W Collective 2"]
[BlackTeam "Sutton Coldfield"]

1. e4 c5 2. c3 Nf6 3. e5 Nd5 4. d4 cxd4 5. cxd4 b6 6. Nf3 e6 7. Be2 Ba6 8. Bxa6
Nxa6 9. a3 Nac7 10. O-O Be7 11. Re1 O-O 12. Nbd2 f5 13. exf6 gxf6 14. Ne4 Kh8
15. Bh6 Rg8 16. Ng3 Qe8 17. Qd3 f5 18. Ne5 d6 19. Nf3 f4 20. Ne2 Qh5 21. Bxf4
Nxf4 22. Nxf4 Qg4 23. g3 Qxf4 24. Re4 Qf5 25. Rc1 Nd5 26. Kh1 Raf8 27. Nh4 Bxh4
28. gxh4 Qg6 29. Rce1 Qg2# 0-1

[Event "4NCL/Div4/WEA2 vs. SUTC"]
[Site "Birmingham ENG"]
[Date "2006.09.24"]
[Round "2.4"]
[White "Soszynski, Marek"]
[Black "Winchcombe, Neil"]
[Result "1-0"]
[WhiteElo "1900"]
[BlackElo "1565"]
[PlyCount "79"]
[EventDate "2006.09.24"]
[EventType "team"]
[EventRounds "11"]
[EventCountry "ENG"]
[WhiteTeam "Sutton Coldfield"]
[BlackTeam "W Collective 2"]

1. Nf3 d6 2. g3 Nc6 3. d4 e6 4. Bg2 Be7 5. O-O h6 6. c4 Nf6 7. Nc3 a6 8. e4 O-O
9. a3 b6 10. b4 Rb8 11. Qe2 Bb7 12. Rd1 e5 13. dxe5 Nd7 14. exd6 cxd6 15. Nd5
Bf6 16. Bb2 Bxb2 17. Qxb2 Nce5 18. Nxe5 Nxe5 19. Ne3 Bc8 20. Qd4 Bg4 21. Nxg4
Nxg4 22. Qxd6 Qxd6 23. Rxd6 Rfd8 24. Rad1 Rxd6 25. Rxd6 Ne5 26. Bf1 f6 27. f4
Nf3+ 28. Kf2 Nxh2 29. Be2 Re8 30. Rd4 f5 31. exf5 Kh7 32. Rd2 Re4 33. f6 gxf6
34. Bd3 Ng4+ 35. Kf3 f5 36. Bxe4 fxe4+ 37. Kxg4 Kg6 38. f5+ Kf6 39. Kf4 e3 40.
Rd6+ 1-0

[Event "4NCL/Div4/WEA2 vs. SUTC"]
[Site "Birmingham ENG"]
[Date "2006.09.24"]
[Round "2.5"]
[White "Foster, Caroline"]
[Black "Burgess, Thomas"]
[Result "0-1"]
[WhiteElo "1490"]
[BlackElo "1835"]
[PlyCount "42"]
[EventDate "2006.09.24"]
[EventType "team"]
[EventRounds "11"]
[EventCountry "ENG"]
[WhiteTeam "W Collective 2"]
[BlackTeam "Sutton Coldfield"]

1. d4 d5 2. Nf3 Nf6 3. e3 g6 4. g3 Bg7 5. Bg2 O-O 6. O-O Nbd7 7. Qe2 b6 8. Nbd2
Bb7 9. Re1 c5 10. b3 cxd4 11. exd4 Re8 12. c4 e6 13. Bb2 Qe7 14. Rac1 Rec8 15.
Ne5 Qd8 16. Ndf3 Bh6 17. Rc2 Rc7 18. g4 Bf8 19. g5 Nxe5 20. Qxe5 Ne4 21. Bc1
Bd6 0-1

[Event "4NCL/Div4/ANGA vs. GUI5"]
[Site "Birmingham ENG"]
[Date "2006.09.24"]
[Round "2.1"]
[White "Munson, Shaun D"]
[Black "Eckloff, Colin"]
[Result "0-1"]
[WhiteElo "2208"]
[BlackElo "1940"]
[PlyCount "62"]
[EventDate "2006.09.24"]
[EventType "team"]
[EventRounds "11"]
[EventCountry "ENG"]
[WhiteTeam "Ang Avengers"]
[BlackTeam "Guildford-ADC 5"]

1. d4 Nf6 2. Bg5 g6 3. Nc3 Bg7 4. e4 d5 5. e5 Ne4 6. Nxe4 dxe4 7. Qd2 c5 8.
O-O-O O-O 9. dxc5 Qc7 10. f4 exf3 11. Nxf3 Nc6 12. Bh6 Rd8 13. Qf4 Rxd1+ 14.
Kxd1 Bg4 15. Bxg7 Bxf3+ 16. Qxf3 Kxg7 17. e6 f6 18. Qe3 Rd8+ 19. Kc1 Nd4 20.
Bd3 Qxc5 21. Qe4 Rd6 22. Qxb7 Rxe6 23. Qd7 Re3 24. c3 Rxd3 25. Qa4 Ne2+ 26. Kc2
Rd6 27. Rf1 Qe3 28. Rf3 Qd2+ 29. Kb3 Rb6+ 30. Kc4 Nf4 31. Qa5 Qe2+ 0-1

[Event "4NCL/Div4/ANGA vs. GUI5"]
[Site "Birmingham ENG"]
[Date "2006.09.24"]
[Round "2.2"]
[White "Shepley, Julien M"]
[Black "Gregory, Stephen J"]
[Result "0-1"]
[WhiteElo "2123"]
[BlackElo "2128"]
[PlyCount "40"]
[EventDate "2006.09.24"]
[EventType "team"]
[EventRounds "11"]
[EventCountry "ENG"]
[WhiteTeam "Guildford-ADC 5"]
[BlackTeam "Ang Avengers"]

1. d4 Nf6 2. Bg5 Nc6 3. Nc3 e5 4. Nf3 exd4 5. Nxd4 Be7 6. Nxc6 bxc6 7. e3 Rb8
8. Na4 O-O 9. c3 d5 10. Bd3 h6 11. h4 Re8 12. Bc2 Bg4 13. Qd4 c5 14. Qf4 hxg5
15. hxg5 Bd6 16. gxf6 Bxf4 17. Bh7+ Kf8 18. Bf5 Qxf6 19. Bxg4 Bh6 20. Nxc5 Kg8
0-1

[Event "4NCL/Div4/ANGA vs. GUI5"]
[Site "Birmingham ENG"]
[Date "2006.09.24"]
[Round "2.3"]
[White "Ruthen, Steven"]
[Black "Shaw, Matthew"]
[Result "1-0"]
[WhiteElo "2110"]
[BlackElo "1920"]
[PlyCount "41"]
[EventDate "2006.09.24"]
[EventType "team"]
[EventRounds "11"]
[EventCountry "ENG"]
[WhiteTeam "Ang Avengers"]
[BlackTeam "Guildford-ADC 5"]

1. f4 Nf6 2. Nf3 g6 3. d3 d5 4. e3 Bg7 5. Be2 O-O 6. O-O c5 7. Qe1 Nc6 8. Nc3
Re8 9. e4 e5 10. fxe5 Nxe5 11. Nxe5 Rxe5 12. Bf4 Re8 13. Qh4 dxe4 14. dxe4 Qd4+
15. Kh1 a6 16. Rad1 Qb4 17. Bg5 Nxe4 18. Nxe4 Rxe4 19. Rd8+ Bf8 20. Qh6 c4 21.
Bf6 1-0

[Event "4NCL/Div4/ANGA vs. GUI5"]
[Site "Birmingham ENG"]
[Date "2006.09.24"]
[Round "2.4"]
[White "Chapman, Timothy J"]
[Black "Wallis, Ian"]
[Result "1/2-1/2"]
[WhiteElo "1840"]
[BlackElo "2075"]
[PlyCount "44"]
[EventDate "2006.09.24"]
[EventType "team"]
[EventRounds "11"]
[EventCountry "ENG"]
[WhiteTeam "Guildford-ADC 5"]
[BlackTeam "Ang Avengers"]

1. e4 e5 2. Nf3 Nc6 3. Bb5 a6 4. Bxc6 dxc6 5. O-O Bd6 6. d4 exd4 7. Qxd4 f6 8.
Be3 Ne7 9. Nbd2 O-O 10. Nc4 Be6 11. Nxd6 cxd6 12. c4 Qc7 13. b3 Rad8 14. Rac1
Nc8 15. Qc3 Qf7 16. Nd4 Rfe8 17. f3 Qd7 18. Bf2 Bf7 19. Rfe1 Ne7 20. Nc2 Nc8
21. Rcd1 Qe7 22. Ne3 Qe5 1/2-1/2

[Event "4NCL/Div4/ANGA vs. GUI5"]
[Site "Birmingham ENG"]
[Date "2006.09.24"]
[Round "2.5"]
[White "Gray, Mark S"]
[Black "Gunn, Michael J"]
[Result "1-0"]
[WhiteElo "2083"]
[BlackElo "1800"]
[PlyCount "57"]
[EventDate "2006.09.24"]
[EventType "team"]
[EventRounds "11"]
[EventCountry "ENG"]
[WhiteTeam "Ang Avengers"]
[BlackTeam "Guildford-ADC 5"]

1. e4 e6 2. d4 d5 3. Nd2 Nf6 4. e5 Nfd7 5. Bd3 c5 6. c3 Nc6 7. Ne2 cxd4 8. cxd4
Qb6 9. Nf3 Nb4 10. Bb1 Be7 11. O-O Nf8 12. a3 Nc6 13. Qd3 h6 14. b4 Bd7 15. Be3
g5 16. Nd2 Ng6 17. Nb3 Nh4 18. Ng3 h5 19. Qd2 g4 20. Bd3 a6 21. Nc5 Qc7 22.
Rfc1 Bc8 23. b5 axb5 24. Bxb5 Qa5 25. Qxa5 Rxa5 26. a4 Bxc5 27. Rxc5 Bd7 28.
Bxc6 Rxc5 29. Bxd7+ 1-0

[Event "4NCL/Div4/ANGA vs. GUI5"]
[Site "Birmingham ENG"]
[Date "2006.09.24"]
[Round "2.6"]
[White "Arghadewal, Aryan"]
[Black "Botham, C Paul"]
[Result "0-1"]
[WhiteElo "1735"]
[BlackElo "2049"]
[PlyCount "100"]
[EventDate "2006.09.24"]
[EventType "team"]
[EventRounds "11"]
[EventCountry "ENG"]
[WhiteTeam "Guildford-ADC 5"]
[BlackTeam "Ang Avengers"]

1. e4 Nf6 2. e5 Nd5 3. d4 d6 4. Nf3 g6 5. Bg5 Bg7 6. Qd2 h6 7. Bh4 O-O 8. Bc4
c6 9. O-O Bg4 10. Bxd5 cxd5 11. exd6 Qxd6 12. Bg3 Qd8 13. Ne5 Bf5 14. Nc3 Nc6
15. Rfe1 Rc8 16. a3 Re8 17. Nd1 Nxe5 18. Bxe5 Rxc2 19. Qb4 b6 20. Bxg7 Kxg7 21.
Ne3 Rc7 22. Nxf5+ gxf5 23. Re3 e6 24. Rg3+ Kh7 25. Qd2 Qf6 26. Rd1 Rec8 27. Qf4
Rc2 28. b3 R2c3 29. h3 Rxg3 30. Qxg3 Qe7 31. a4 Qc7 32. Qe3 Qc2 33. Rd3 Qc1+
34. Kh2 Qxe3 35. fxe3 Rc2 36. Kg3 Kg6 37. Kf3 a6 38. Kg3 b5 39. axb5 axb5 40.
Kf3 b4 41. Rd1 Rb2 42. Rd3 Kg5 43. g3 h5 44. h4+ Kf6 45. Rd1 Rxb3 46. Rc1 Rb2
47. Rc7 b3 48. Rb7 Rb1 49. Ke2 b2 50. Kf2 Rh1 0-1

[Event "4NCL/Div4/WEA1 vs. PAND"]
[Site "Birmingham ENG"]
[Date "2006.09.24"]
[Round "2.1"]
[White "Fryer, David W"]
[Black "Taylor, Robert M"]
[Result "1-0"]
[WhiteElo "2101"]
[BlackElo "2221"]
[PlyCount "55"]
[EventDate "2006.09.24"]
[EventType "team"]
[EventRounds "11"]
[EventCountry "ENG"]
[WhiteTeam "W Collective 1"]
[BlackTeam "Pandoras Box"]

1. e4 c6 2. d4 d5 3. e5 Bf5 4. Nc3 e6 5. g4 Bg6 6. Nge2 c5 7. h4 cxd4 8. Nxd4
h5 9. f4 hxg4 10. f5 Bxf5 11. Bb5+ Nd7 12. Nxf5 exf5 13. Qxd5 a6 14. e6 fxe6
15. Qxe6+ Ne7 16. Ne4 fxe4 17. O-O Qc7 18. Bxd7+ Qxd7 19. Qf7+ Kd8 20. Bg5 Qd4+
21. Kg2 Qb4 22. Rad1+ Kc7 23. Bf4+ Kb6 24. Be3+ Kb5 25. Rd4 Qxb2 26. Qc4+ Kb6
27. Rd6+ Ka5 28. Bd2+ 1-0

[Event "4NCL/Div4/WEA1 vs. PAND"]
[Site "Birmingham ENG"]
[Date "2006.09.24"]
[Round "2.2"]
[White "Woolley, Jos"]
[Black "Fraser, Joe P"]
[Result "1-0"]
[WhiteElo "2094"]
[BlackElo "1989"]
[PlyCount "37"]
[EventDate "2006.09.24"]
[EventType "team"]
[EventRounds "11"]
[EventCountry "ENG"]
[WhiteTeam "Pandoras Box"]
[BlackTeam "W Collective 1"]

1. e4 c5 2. Nf3 Nc6 3. Bb5 Na5 4. Be2 e6 5. d4 d5 6. exd5 exd5 7. O-O c4 8. b3
Be7 9. Ne5 Be6 10. c3 b5 11. f4 f5 12. Re1 Nf6 13. b4 Nb7 14. a4 a6 15. Nc6 Qc8
16. axb5 axb5 17. Bh5+ Kd7 18. Ne5+ Kd6 19. Na3 1-0

[Event "4NCL/Div4/WEA1 vs. PAND"]
[Site "Birmingham ENG"]
[Date "2006.09.24"]
[Round "2.3"]
[White "Prescott, Adam P"]
[Black "Birtwhistle, Nigel"]
[Result "1/2-1/2"]
[WhiteElo "1934"]
[BlackElo "2105"]
[PlyCount "56"]
[EventDate "2006.09.24"]
[EventType "team"]
[EventRounds "11"]
[EventCountry "ENG"]
[WhiteTeam "W Collective 1"]
[BlackTeam "Pandoras Box"]

1. e4 d5 2. exd5 Qxd5 3. d4 e5 4. dxe5 Qxd1+ 5. Kxd1 Nc6 6. Bb5 Bd7 7. Nf3 Nxe5
8. Bxd7+ Nxd7 9. Be3 O-O-O 10. Nbd2 h6 11. a3 Ngf6 12. h3 Nd5 13. Re1 Nxe3+ 14.
Rxe3 Bc5 15. Re2 f5 16. b4 Bd6 17. Rb1 Nf6 18. Rb3 Rhe8 19. Rxe8 Rxe8 20. c4
Ne4 21. Nxe4 Rxe4 22. Nd2 Rd4 23. Ke2 Bf4 24. Rd3 Rxd3 25. Kxd3 Be5 26. Nf3 Bf6
27. Nd4 g6 28. Ne6 c6 1/2-1/2

[Event "4NCL/Div4/WEA1 vs. PAND"]
[Site "Birmingham ENG"]
[Date "2006.09.24"]
[Round "2.4"]
[White "Coates, David"]
[Black "Bucher, Grant W"]
[Result "1/2-1/2"]
[WhiteElo "2055"]
[BlackElo "1813"]
[PlyCount "64"]
[EventDate "2006.09.24"]
[EventType "team"]
[EventRounds "11"]
[EventCountry "ENG"]
[WhiteTeam "Pandoras Box"]
[BlackTeam "W Collective 1"]

1. e4 e5 2. Nf3 f5 3. Nxe5 Qf6 4. d4 d6 5. Nc4 fxe4 6. Nc3 Qg6 7. Ne3 Nf6 8.
Be2 c6 9. O-O Be7 10. f3 exf3 11. Bxf3 O-O 12. Qe2 Re8 13. d5 c5 14. Nb5 Na6
15. Bd2 Bd7 16. a4 Bxb5 17. Qxb5 Rab8 18. Rae1 Bf8 19. Bc3 Ne4 20. Bxe4 Rxe4
21. Nf5 Rxe1 22. Bxe1 Nc7 23. Qc4 Re8 24. Bc3 Qg5 25. h4 Qh5 26. g4 Qg6 27. Rf4
a6 28. Qd3 Kh8 29. Qf3 Kg8 30. Qd3 Kh8 31. Qf3 Kg8 32. Qd3 Kh8 1/2-1/2

[Event "4NCL/Div4/WEA1 vs. PAND"]
[Site "Birmingham ENG"]
[Date "2006.09.24"]
[Round "2.5"]
[White "Fraser, A Scott"]
[Black "Kilshaw, Joe"]
[Result "0-1"]
[WhiteElo "1635"]
[BlackElo "2060"]
[PlyCount "52"]
[EventDate "2006.09.24"]
[EventType "team"]
[EventRounds "11"]
[EventCountry "ENG"]
[WhiteTeam "W Collective 1"]
[BlackTeam "Pandoras Box"]

1. d4 Nf6 2. c4 g6 3. Nf3 Bg7 4. Nc3 d6 5. h3 Nbd7 6. Bf4 O-O 7. e3 c6 8. Be2
h6 9. O-O Nh7 10. Qb3 Kh8 11. Rfd1 Qe8 12. e4 e5 13. Bg3 f5 14. exf5 gxf5 15.
dxe5 dxe5 16. Qc2 f4 17. Bh2 Nc5 18. Nh4 Kg8 19. Rd6 Qe7 20. Rxh6 Bxh6 21. Ng6
Qg7 22. Nxf8 Nxf8 23. Rd1 Bxh3 24. Bf3 Bxg2 25. Bxg2 f3 26. Bxe5 Qxg2# 0-1